2025 La Liga 2 Team Logos - Statistics

General Stats
  • This quiz has been taken 105 times
  • The average score is 15 of 22
Answer Stats
Picture Answer % Correct
Deportivo La Coruña
95%
Levante
95%
Granada
94%
Málaga
92%
Eibar
90%
Almería
86%
Cádiz
86%
Elche
83%
Zaragoza
78%
Huesca
77%
Tenerife
75%
Sporting Gijón
70%
Real Oviedo
67%
Racing Santander
63%
Mirandés
48%
Albacete
47%
Córdoba
47%
Cartagena
44%
Burgos
40%
Racing Ferrol
37%
Castellón
36%
Eldense
32%
No matching quizzes found
Score Distribution
Percent of People with Each Score
Percentile by Number Answered
Your Score History
You have not taken this quiz